| 000 -LEADER |
| fixed length control field |
00751nam a2200229Ia 4500 |
| 001 - CONTROL NUMBER |
| control field |
2999 |
| 003 - CONTROL NUMBER IDENTIFIER |
| control field |
GE_BSU |
| 008 - FIXED-LENGTH DATA ELEMENTS--GENERAL INFORMATION |
| fixed length control field |
181216s||||||||xx |||||||||||||| ||und|| |
| 020 ## - INTERNATIONAL STANDARD BOOK NUMBER |
| International Standard Book Number |
506000063Х |
| 040 ## - CATALOGING SOURCE |
| Transcribing agency |
GE_BSU |
| 080 ## - UNIVERSAL DECIMAL CLASSIFICATION NUMBER |
| Universal Decimal Classification number |
541.18(075.8) |
| 100 ## - MAIN ENTRY--PERSONAL NAME |
| Personal name |
Баранов,В.И. Бибник,Е.Е. Кожевников,Н.М. Малов,В.А. |
| 245 ## - TITLE STATEMENT |
| Title |
Расчеты и задачи по коллоидной химии. |
| 245 ## - TITLE STATEMENT |
| Remainder of title |
Учебн. пособие. |
| 245 ## - TITLE STATEMENT |
| Statement of responsibility, etc. |
Под. ред. В.И.Баряновой. |
| 260 ## - PUBLICATION, DISTRIBUTION, ETC. |
| Place of publication, distribution, etc. |
М. |
| 260 ## - PUBLICATION, DISTRIBUTION, ETC. |
| Name of publisher, distributor, etc. |
Высшая школа. |
| 260 ## - PUBLICATION, DISTRIBUTION, ETC. |
| Date of publication, distribution, etc. |
1989. |
| 300 ## - PHYSICAL DESCRIPTION |
| Extent |
288 стр. 21 см. с илл. |
| 653 ## - INDEX TERM--UNCONTROLLED |
| Uncontrolled term |
Расчеты и задачи по коллоидной химии. |
| 942 ## - ADDED ENTRY ELEMENTS (KOHA) |
| Koha item type |
წიგნი |